000 01133nam a22003377a 4500
003 CHAP
005 20220817042241.0
008 971013s1976 r 00010 d
010 _a38662
011 _a39634
035 _a43755
040 _cCHAP
090 _aTesis
100 0 0 _aPeña Fuentes, Octavio.
_986785
245 _aIncidencia de cysticercus cellulosae en cerdos de engorda en La Piedad, Michoacán
260 _aMéxico, D.F. :
_bEl autor,
_c1976
300 _as.p.
502 _aTesis (Médico Veterinario Zootecnista) -- UNAM. Fac. de Medicina Veterinaria y Zootecnia
590 _aALEPH
_b10
_c20130110
_lUCH01
_h1304
590 _aBATCH-UPD
_b10
_c20130109
_lUCH01
_h2314
590 _aBATCH-UPD
_b10
_c20130110
_lUCH01
_h2247
590 _aBATCH-UPD
_b10
_c20130409
_lUCH01
_h1833
590 _aBATCH-UPD
_b10
_c20130410
_lUCH01
_h1541
590 _aBATCH-UPD
_b10
_c20130914
_lUCH01
_h1520
590 _aCONVERSION
_b10
_c20130109
_lUCH01
_h1321
650 1 4 _aCysticercus cellulosae.
_930816
650 1 4 _aGanado porcino
_xParásitos.
901 _aBK
942 _cTESIS
949 _bBC
_cTES
_d-100064
_eTS1
_i43755
_si
999 _c38662
_d38662